[Event "II Zimowy Turniej Klubu Polonia Wroclaw "]
[Site "Wroclaw"]
[Date "2011.??.??"]
[Round "1.1"]
[White "Grabarczyk, Miroslaw"]
[Black "Lachowicz, Dominik"]
[Result "1-0"]
[WhiteElo "2438"]
[BlackElo "1680"]
[PlyCount "59"]
[EventDate "2011.??.??"]

1. d4 Nf6 2. c4 e5 3. dxe5 Ng4 4. Bf4 Nc6 5. Nf3 Bb4+ 6. Nbd2 Qe7 7. e3 Ngxe5
8. Nxe5 Nxe5 9. Be2 O-O 10. O-O b6 11. Nf3 Bd6 12. Bxe5 Bxe5 13. Qd5 Bxh2+ 14.
Kxh2 c6 15. Qe5 Re8 16. Qxe7 Rxe7 17. Rad1 Bb7 18. Rd6 Rd8 19. Rfd1 Kf8 20. Nd4
c5 21. Nf5 Re5 22. Rxd7 Rxd7 23. Rxd7 Rxf5 24. Rxb7 Rxf2 25. Bf3 Rxb2 26. Rxa7
f6 27. Bd5 g6 28. Rxh7 f5 29. Rf7+ Ke8 30. Rf6 1-0

[Event "II Zimowy Turniej Klubu Polonia Wroclaw "]
[Site "Wroclaw"]
[Date "2011.??.??"]
[Round "1.2"]
[White "Skrzypinski, Maciej"]
[Black "Czyz, Artur"]
[Result "0-1"]
[WhiteElo "1668"]
[BlackElo "2084"]
[PlyCount "66"]
[EventDate "2011.??.??"]

1. Nf3 Nf6 2. g3 g6 3. Bg2 Bg7 4. O-O O-O 5. c4 d6 6. Nc3 Nc6 7. d3 Bg4 8. h3
Bxf3 9. Bxf3 Nd7 10. Be3 e5 11. Rb1 f5 12. Bd5+ Kh8 13. f4 Nf6 14. Bf3 Qe7 15.
Nd5 Nxd5 16. Bxd5 Rae8 17. Re1 exf4 18. Bxf4 g5 19. Bd2 f4 20. g4 Bd4+ 21. Kg2
Be3 22. Bc3+ Nd4 23. Bxb7 Qf6 24. Bf3 Re5 25. Bxd4 Bxd4 26. b4 Re3 27. Rh1 Rfe8
28. Rb3 R8e5 29. Re1 Qh6 30. Rf1 Qe6 31. Re1 Rxf3 32. Kxf3 Re3+ 33. Kg2 Rg3+
0-1

[Event "II Zimowy Turniej Klubu Polonia Wroclaw "]
[Site "Wroclaw"]
[Date "2011.??.??"]
[Round "1.3"]
[White "Stankiewicz, Pawel"]
[Black "Szyler, Bartosz"]
[Result "1-0"]
[WhiteElo "2005"]
[BlackElo "1569"]
[PlyCount "51"]
[EventDate "2011.??.??"]

1. e4 e5 2. Nf3 Nc6 3. Bb5 a6 4. Ba4 d6 5. O-O Nf6 6. Re1 Be7 7. h3 b5 8. Bb3
Na5 9. d4 Nxb3 10. axb3 exd4 11. Nxd4 Bb7 12. Nc3 O-O 13. Nf5 Re8 14. Qf3 Bf8
15. Bg5 g6 16. Nh6+ Bxh6 17. Bxh6 Re5 18. Bf4 Re6 19. Bg5 Kg7 20. Nd5 Bxd5 21.
exd5 Rxe1+ 22. Rxe1 h6 23. Bd2 Qd7 24. Bc3 Qf5 25. Re3 b4 26. Qxf5 1-0

[Event "II Zimowy Turniej Klubu Polonia Wroclaw "]
[Site "Wroclaw"]
[Date "2011.??.??"]
[Round "1.4"]
[White "Muzyka, Dominik"]
[Black "White, John"]
[Result "0-1"]
[WhiteElo "1541"]
[BlackElo "1963"]
[PlyCount "94"]
[EventDate "2011.??.??"]

1. e4 e5 2. Nf3 Nc6 3. d4 exd4 4. Nxd4 Bc5 5. Be3 Qf6 6. c3 Nge7 7. Bc4 Ne5 8.
Bb3 Qg6 9. O-O O-O 10. Nf5 Nxf5 11. exf5 Qb6 12. Bxc5 Qxc5 13. Qd5 Qxd5 14.
Bxd5 d6 15. Be4 Re8 16. Nd2 Bd7 17. Rfe1 Bc6 18. Bc2 a5 19. h3 Nd7 20. Nb3 Ba4
21. Rad1 Kf8 22. Nd4 Rxe1+ 23. Rxe1 Bxc2 24. Nxc2 Re8 25. Kf1 Rxe1+ 26. Kxe1
Ke7 27. Nd4 c6 28. Nb3 b6 29. Nd4 Nb8 30. Ke2 d5 31. Ke3 Kd6 32. f4 Nd7 33. Nf3
h6 34. b3 b5 35. g4 c5 36. h4 b4 37. cxb4 axb4 38. g5 f6 39. g6 Nb8 40. Nd2 Nc6
41. Nf1 Ne7 42. Ng3 Kc6 43. Kd3 Kb5 44. h5 c4+ 45. bxc4+ dxc4+ 46. Kc2 Kc5 47.
Kd2 Kd4 0-1

[Event "II Zimowy Turniej Klubu Polonia Wroclaw "]
[Site "Wroclaw"]
[Date "2011.??.??"]
[Round "1.5"]
[White "Dudek, Dawid"]
[Black "Maczka, Miroslawa"]
[Result "1/2-1/2"]
[WhiteElo "1897"]
[BlackElo "1528"]
[PlyCount "107"]
[EventDate "2011.??.??"]

1. c4 Nf6 2. Nc3 e5 3. g3 g6 4. Bg2 Bg7 5. Nf3 d6 6. O-O c6 7. d3 O-O 8. Qb3
Qc7 9. Be3 Bg4 10. Rac1 Nbd7 11. Rfd1 Nc5 12. Qa3 Nfd7 13. d4 exd4 14. Nxd4 a5
15. h3 Be6 16. Nxe6 fxe6 17. Ne4 Nxe4 18. Bxe4 Nf6 19. Bf3 Rad8 20. Qb3 Qf7 21.
Bb6 Rd7 22. Bxa5 e5 23. Rf1 e4 24. Bg2 Kh8 25. Rcd1 d5 26. cxd5 cxd5 27. e3 h6
28. Rd2 Nh7 29. Bb4 Rfd8 30. Rfd1 Ng5 31. Bc3 Rf8 32. Bxg7+ Kxg7 33. Qc2 Qe6
34. Kh2 Nf3+ 35. Bxf3 Rxf3 36. Qc3+ Kh7 37. Qc8 Qf7 38. Kg2 Rc7 39. Qd8 Rd7 40.
Qh4 Rd6 41. Qg4 Rdf6 42. Rf1 R6f5 43. h4 h5 44. Qh3 Rxe3 45. Qxf5 Qxf5 46. fxe3
Qd7 47. Rfd1 Qb5 48. b3 Kh6 49. Rxd5 Qe2+ 50. Kh3 Qxe3 51. Rd8 Qe2 52. R1d7
Qg4+ 53. Kh2 Qe2+ 54. Kh3 1/2-1/2

[Event "II Zimowy Turniej Klubu Polonia Wroclaw "]
[Site "Wroclaw"]
[Date "2011.??.??"]
[Round "1.6"]
[White "Lascar, Radoslawa"]
[Black "Wrobel, Maciej"]
[Result "0-1"]
[WhiteElo "1528"]
[BlackElo "1895"]
[PlyCount "48"]
[EventDate "2011.??.??"]

1. e4 e5 2. Nf3 Nc6 3. Nc3 Nf6 4. d4 exd4 5. Nxd4 Bb4 6. Nxc6 bxc6 7. Bd3 d5 8.
e5 Ng4 9. Bf4 f6 10. h3 fxe5 11. hxg4 exf4 12. Bxh7 Kf7 13. f3 Re8+ 14. Kf1 Qf6
15. Ne2 Bc5 16. c3 Re3 17. Bd3 Bd7 18. Qc2 Rae8 19. Rd1 Bxg4 20. fxg4 f3 21.
Nd4 Bxd4 22. cxd4 fxg2+ 23. Kxg2 Qf3+ 24. Kg1 Re1+ 0-1

[Event "II Zimowy Turniej Klubu Polonia Wroclaw "]
[Site "Wroclaw"]
[Date "2011.??.??"]
[Round "1.7"]
[White "Somyk, Marcin"]
[Black "Koza, Stanislaw"]
[Result "1-0"]
[WhiteElo "1895"]
[BlackElo "1481"]
[PlyCount "59"]
[EventDate "2011.??.??"]

1. e4 c5 2. Nf3 e6 3. b3 Nc6 4. Bb2 Nf6 5. e5 Nd5 6. c4 Nc7 7. a3 Be7 8. Bd3
O-O 9. O-O d6 10. exd6 Bxd6 11. Qe2 b6 12. Qe4 f5 13. Qxc6 Rb8 14. Be5 Bxe5 15.
Nxe5 Bb7 16. Qd7 Qg5 17. f3 f4 18. Qxc7 Ba8 19. Nc6 Bxc6 20. Qxc6 Qf6 21. Nc3
Qd4+ 22. Kh1 Qxd3 23. Qxe6+ Kh8 24. Qe2 Qg6 25. Qe4 Qh6 26. Rfe1 Qh5 27. Qd5
Rf5 28. Qd6 Rbf8 29. Nd5 Qh4 30. Re5 1-0

[Event "II Zimowy Turniej Klubu Polonia Wroclaw "]
[Site "Wroclaw"]
[Date "2011.??.??"]
[Round "1.8"]
[White "Drgas, Marlena"]
[Black "Kania, Przemyslaw"]
[Result "0-1"]
[WhiteElo "1445"]
[BlackElo "1831"]
[PlyCount "36"]
[EventDate "2011.??.??"]

1. d4 Nf6 2. c4 g6 3. Nc3 Bg7 4. e4 d6 5. f3 c6 6. Be3 a6 7. Qd2 h6 8. O-O-O
Qa5 9. g4 b5 10. cxb5 axb5 11. a3 b4 12. axb4 Qxb4 13. g5 hxg5 14. Bxg5 Nbd7
15. Bd3 Qxd4 16. Nge2 Qb4 17. f4 Nc5 18. f5 Nb3+ 0-1

[Event "II Zimowy Turniej Klubu Polonia Wroclaw "]
[Site "Wroclaw"]
[Date "2011.??.??"]
[Round "2.1"]
[White "Kania, Przemyslaw"]
[Black "Grabarczyk, Miroslaw"]
[Result "0-1"]
[WhiteElo "1831"]
[BlackElo "2438"]
[PlyCount "62"]
[EventDate "2011.??.??"]

1. c4 e5 2. Nc3 Nf6 3. g3 Bb4 4. Qc2 Nc6 5. Bg2 O-O 6. e3 Bxc3 7. bxc3 d6 8. e4
Ne8 9. Nf3 f5 10. d4 fxe4 11. Qxe4 Nf6 12. Qc2 exd4 13. O-O dxc3 14. Qxc3 Ne4
15. Qe3 Re8 16. Nd2 Nc5 17. Qc3 Qf6 18. Qxf6 gxf6 19. Ba3 Na4 20. Ne4 Kf7 21.
Bf3 Bf5 22. Bd1 Nb6 23. Bh5+ Bg6 24. Bxg6+ hxg6 25. Nd2 Re2 26. Rfd1 Nd4 27.
Bb2 Rxd2 28. Bxd4 Rxd1+ 29. Rxd1 Nxc4 30. a4 c5 31. Bc3 Rd8 0-1

[Event "II Zimowy Turniej Klubu Polonia Wroclaw "]
[Site "Wroclaw"]
[Date "2011.??.??"]
[Round "2.2"]
[White "Czyz, Artur"]
[Black "Somyk, Marcin"]
[Result "1/2-1/2"]
[WhiteElo "2084"]
[BlackElo "1895"]
[PlyCount "46"]
[EventDate "2011.??.??"]

1. d4 d5 2. Nf3 Nf6 3. c4 e6 4. Nc3 Be7 5. cxd5 exd5 6. Bg5 O-O 7. Qc2 c6 8. e3
Nbd7 9. Bd3 h6 10. Bh4 Re8 11. O-O Ne4 12. Bxe7 Qxe7 13. Rab1 Ndf6 14. b4 Bf5
15. Ne5 a6 16. Nxe4 Bxe4 17. a4 Rac8 18. Qe2 Bxd3 19. Nxd3 Ne4 20. Rfc1 Nd6 21.
Nc5 Ra8 22. a5 Nb5 23. Qd3 Rab8 1/2-1/2

[Event "II Zimowy Turniej Klubu Polonia Wroclaw "]
[Site "Wroclaw"]
[Date "2011.??.??"]
[Round "2.3"]
[White "Grochocinska, Urszula"]
[Black "Stankiewicz, Pawel"]
[Result "0-1"]
[WhiteElo "1753"]
[BlackElo "2005"]
[PlyCount "54"]
[EventDate "2011.??.??"]

1. e4 e6 2. d4 d5 3. Nc3 dxe4 4. Nxe4 Nd7 5. Nf3 Be7 6. Bd3 Ngf6 7. Nxf6+ Nxf6
8. O-O O-O 9. Re1 b6 10. c3 Bb7 11. Ng5 c5 12. Be3 h6 13. Nf3 Qc7 14. dxc5 Bxc5
15. Nd4 Rfd8 16. f3 Nd5 17. Nc2 Nxe3 18. Nxe3 Ba6 19. c4 Bxc4 20. Bh7+ Kxh7 21.
Qc2+ Bd3 22. Qf2 Bg6 23. Rac1 Qf4 24. g3 Qd6 25. Rcd1 Qxd1 26. Rxd1 Rxd1+ 27.
Kg2 Rd3 0-1

[Event "II Zimowy Turniej Klubu Polonia Wroclaw "]
[Site "Wroclaw"]
[Date "2011.??.??"]
[Round "2.4"]
[White "White, John"]
[Black "Jankowski, Aleksander"]
[Result "1/2-1/2"]
[WhiteElo "1963"]
[BlackElo "1700"]
[PlyCount "60"]
[EventDate "2011.??.??"]

1. d4 Nf6 2. c4 c5 3. d5 b5 4. cxb5 a6 5. bxa6 Bxa6 6. Nc3 d6 7. Nf3 g6 8. g3
Bg7 9. Bg2 O-O 10. Rb1 Nbd7 11. O-O Qa5 12. Qc2 Rfb8 13. Bd2 Nb6 14. b3 Nbd7
15. a4 Rb7 16. Rfe1 Rab8 17. h3 Qc7 18. e4 Ne8 19. Bf1 Bxf1 20. Kxf1 Qc8 21.
Kg2 c4 22. Nb5 cxb3 23. Qxc8 Rxc8 24. Rxb3 Nc5 25. Rbb1 Rcb8 26. Bc3 Nxa4 27.
Bxg7 Kxg7 28. Nfd4 Nc7 29. Ra1 Nxb5 30. Rxa4 Nxd4 1/2-1/2

[Event "II Zimowy Turniej Klubu Polonia Wroclaw "]
[Site "Wroclaw"]
[Date "2011.??.??"]
[Round "2.7"]
[White "Maczka, Miroslawa"]
[Black "Jagiela, Piotr"]
[Result "0-1"]
[WhiteElo "1528"]
[BlackElo "1797"]
[PlyCount "70"]
[EventDate "2011.??.??"]

1. c4 e5 2. Nc3 f5 3. e3 Nf6 4. d3 g6 5. Nf3 d6 6. Be2 Bg7 7. O-O c6 8. Bd2 Be6
9. Rb1 Nbd7 10. b4 h6 11. Ne1 g5 12. f4 exf4 13. exf4 g4 14. Nc2 Nh7 15. Qe1
Kf7 16. Qf2 Re8 17. Kh1 Qf6 18. d4 Nb6 19. c5 Nc4 20. Bd3 Rad8 21. Rfe1 b5 22.
Rxe6 Rxe6 23. d5 Re7 24. dxc6 dxc5 25. Nxb5 Rxd3 26. c7 Rxc7 27. Nxc7 Nxd2 28.
Qxc5 Rd7 29. Re1 Nf8 30. Re5 Kg8 31. Rxf5 Qd6 32. Qxd6 Rxd6 33. Rc5 Ne4 34. Ra5
Rc6 35. g3 Rxc2 0-1

[Event "II Zimowy Turniej Klubu Polonia Wroclaw "]
[Site "Wroclaw"]
[Date "2011.??.??"]
[Round "2.9"]
[White "Lachowicz, Dominik"]
[Black "Lascar, Radoslawa"]
[Result "1-0"]
[WhiteElo "1680"]
[BlackElo "1528"]
[PlyCount "61"]
[EventDate "2011.??.??"]

1. d4 d5 2. c4 c6 3. Nc3 Nf6 4. Nf3 dxc4 5. e3 b5 6. a4 Bd7 7. b3 Qa5 8. Bd2 b4
9. Ne2 c3 10. Bc1 Na6 11. Ng3 e6 12. e4 Be7 13. Bd3 c5 14. d5 O-O 15. Bg5 Rac8
16. O-O Kh8 17. Qe2 Nc7 18. d6 Bxd6 19. e5 Bxe5 20. Nxe5 Ncd5 21. Ne4 Be8 22.
Rfd1 Qc7 23. Nc4 Nf4 24. Bxf4 Qxf4 25. g3 Qh6 26. Ncd6 Rc7 27. Nxf6 Qxf6 28.
Qe4 Qh6 29. Qa8 Re7 30. Bb5 Kg8 31. Bxe8 1-0

[Event "II Zimowy Turniej Klubu Polonia Wroclaw "]
[Site "Wroclaw"]
[Date "2011.??.??"]
[Round "2.10"]
[White "Koza, Stanislaw"]
[Black "Skrzypinski, Maciej"]
[Result "1/2-1/2"]
[WhiteElo "1481"]
[BlackElo "1668"]
[PlyCount "59"]
[EventDate "2011.??.??"]

1. e4 c5 2. Nf3 d6 3. d4 cxd4 4. Nxd4 Nf6 5. Nc3 Nc6 6. Bc4 e6 7. Bb3 Be7 8.
O-O O-O 9. Kh1 Bd7 10. f4 Rc8 11. f5 Nxd4 12. Qxd4 Rc5 13. fxe6 fxe6 14. Bf4
Qc7 15. Rad1 Ng4 16. h3 Ne5 17. Bxe5 Rxf1+ 18. Rxf1 dxe5 19. Qf2 Bf6 20. Qg3
Qd8 21. Rd1 Qe7 22. Qg4 Kh8 23. Rd3 b5 24. Qd1 Rc7 25. a3 Bc6 26. Rd6 Rd7 27.
Rxd7 Bxd7 28. Qe2 Qc5 29. Qg4 Qd6 30. Qe2 1/2-1/2

[Event "II Zimowy Turniej Klubu Polonia Wroclaw "]
[Site "Wroclaw"]
[Date "2011.??.??"]
[Round "2.11"]
[White "Szyler, Bartosz"]
[Black "Drgas, Marlena"]
[Result "1-0"]
[WhiteElo "1569"]
[BlackElo "1445"]
[PlyCount "49"]
[EventDate "2011.??.??"]

1. e4 c6 2. c4 d5 3. cxd5 cxd5 4. exd5 Nf6 5. Bc4 Nbd7 6. Nc3 Nb6 7. Bb3 Nbxd5
8. d4 e6 9. Bg5 Qa5 10. Bxf6 Nxf6 11. Nf3 Bb4 12. Rc1 O-O 13. O-O Rd8 14. Qe2
Bxc3 15. bxc3 b6 16. Ne5 Bb7 17. Nxf7 Kxf7 18. Qxe6+ Kg6 19. Qf7+ Kh6 20. Qxb7
Rac8 21. Qf3 Rf8 22. Qh3+ Kg6 23. Rfe1 h6 24. Bc2+ Kf7 25. Qe6# 1-0

[Event "II Zimowy Turniej Klubu Polonia Wroclaw "]
[Site "Wroclaw"]
[Date "2011.??.??"]
[Round "3.1"]
[White "Grabarczyk, Miroslaw"]
[Black "Stankiewicz, Pawel"]
[Result "1/2-1/2"]
[WhiteElo "2438"]
[BlackElo "2005"]
[PlyCount "49"]
[EventDate "2011.??.??"]

1. d4 Nf6 2. c4 g6 3. Nf3 Bg7 4. g3 O-O 5. Bg2 d6 6. Nc3 Nbd7 7. O-O e5 8. e4
c6 9. h3 Qa5 10. d5 cxd5 11. cxd5 b5 12. Nd2 b4 13. Ncb1 Qc7 14. a3 a5 15. axb4
Ba6 16. Re1 axb4 17. Nb3 Nb6 18. Bd2 Nc4 19. Bxb4 Nxb2 20. Qd2 Qb6 21. Qxb2
Qxb4 22. N1d2 Bh6 23. Ra2 Bc4 24. Nc1 Qxb2 25. Rxb2 1/2-1/2

[Event "II Zimowy Turniej Klubu Polonia Wroclaw"]
[Site "Wroclaw"]
[Date "????.??.??"]
[Round "3"]
[White "Jagiela, Piotr"]
[Black "Czyz, Artur"]
[Result "0-1"]
[WhiteElo "1797"]
[BlackElo "2084"]
[PlyCount "176"]

1. d4 Nf6 2. g3 g6 3. Bg2 d5 4. Nf3 Bg7 5. O-O O-O 6. Nbd2 Bf5 7. Nh4 Be6 8. c3
Qd7 9. Re1 Na6 10. e4 c5 11. e5 Ne8 12. dxc5 Nxc5 13. Nb3 Nxb3 14. axb3 Nc7 15.
f4 Rfd8 16. Be3 a6 17. Bb6 Rac8 18. b4 f6 19. Nf3 Bg4 20. Qd2 Bxf3 21. Bxf3 f5
22. Rad1 e6 23. Qe2 Qc6 24. Qf2 Rd7 25. Qc5 Nb5 26. Be2 Bf8 27. Qxc6 Rxc6 28.
Bxb5 axb5 29. Bd4 Ra6 30. Ra1 Rc7 31. Kf2 Rcc6 32. Ke3 Kf7 33. Kd3 Ke8 34. Ra5
Rxa5 35. bxa5 b4 36. cxb4 Bxb4 37. Bc3 Bxc3 38. bxc3 Kd7 39. Rb1 Kc7 40. Rb4
Kb8 41. c4 Rc5 42. a6 dxc4+ 43. Kc3 b5 44. Rb1 Ka7 45. Ra1 Rc6 46. Ra5 b4+ 47.
Kxb4 c3 48. Ra1 c2 49. Rc1 Kxa6 50. Ra1+ Kb6 51. Rc1 Rc5 52. Kb3 Kb5 53. Rxc2
Rxc2 54. Kxc2 Kc4 55. Kd2 Kd4 56. h4 Ke4 57. Ke2 h6 58. Kf2 Kd4 59. Ke2 Ke4 60.
Kf2 Kd3 61. Kf3 Kd2 62. Kf2 Kd1 63. Kf1 Kd2 64. Kf2 h5 65. Kf3 Ke1 66. Ke3 Kf1
67. Kd4 Kf2 68. Kc5 Kxg3 69. Kd6 Kxf4 70. Kxe6 Kg4 71. Kd5 f4 72. e6 f3 73. e7
f2 74. e8=Q f1=Q 75. Qxg6+ Kxh4 76. Qe4+ Kh3 77. Qe3+ Kg4 78. Qd4+ Kg3 79. Qe5+
Kg4 80. Qg7+ Kh3 81. Qc3+ Kg2 82. Qg7+ Kh1 83. Qc3 h4 84. Ke4 h3 85. Ke3 Kg1
86. Qg7+ Qg2 87. Qa1+ Kh2 88. Qa4 Kh1 0-1

[Event "II Zimowy Turniej Klubu Polonia Wroclaw "]
[Site "Wroclaw"]
[Date "2011.??.??"]
[Round "3.3"]
[White "Somyk, Marcin"]
[Black "White, John"]
[Result "1/2-1/2"]
[WhiteElo "1895"]
[BlackElo "1963"]
[PlyCount "174"]
[EventDate "2011.??.??"]

1. e4 c5 2. Nf3 d6 3. d4 cxd4 4. Qxd4 a6 5. c4 Nc6 6. Qd2 Nf6 7. Nc3 g6 8. b3
Bg7 9. Bb2 O-O 10. Be2 Qa5 11. Nd5 Qxd2+ 12. Nxd2 Nxd5 13. Bxg7 Kxg7 14. exd5
Nd4 15. Bd3 Bf5 16. Bxf5 gxf5 17. O-O e5 18. dxe6 fxe6 19. Rad1 b5 20. Rfe1 e5
21. f3 Kf6 22. Kf2 Rg8 23. Re3 Rac8 24. f4 Rg4 25. fxe5+ dxe5 26. g3 Nc2 27.
Rc3 Na3 28. Nf3 Ke6 29. Rd5 bxc4 30. Rxe5+ Kd6 31. bxc4 Nxc4 32. Rxf5 Ke6 33.
Rh5 Rb8 34. Rc2 Na3 35. Re2+ Kf6 36. Ra5 Nb5 37. Rxa6+ Kg7 38. Rb2 Nc7 39. Rxb8
Nxa6 40. Rb7+ Kg8 41. Rb2 Ra4 42. Ke3 Nb4 43. Nd4 Nxa2 44. Ke4 Nc3+ 45. Ke5
Ra5+ 46. Kf6 Ne4+ 47. Ke6 Ng5+ 48. Ke7 Ra7+ 49. Kf6 Ne4+ 50. Kf5 Nd6+ 51. Ke6
Nb7 52. Kf6 Ra6+ 53. Ne6 Nd8 54. Re2 Nxe6 55. Rxe6 Ra8 56. Re7 Rf8+ 57. Kg5 Rf2
58. h4 Ra2 59. Re6 Kg7 60. Re7+ Kg8 61. Re5 Kg7 62. g4 Ra4 63. Rf5 Rb4 64. Rc5
Ra4 65. Rc7+ Kg8 66. h5 Ra5+ 67. Kh4 h6 68. Rc6 Kg7 69. Kg3 Ra3+ 70. Kf4 Ra4+
71. Kf5 Ra5+ 72. Ke6 Ra4 73. Rc7+ Kg8 74. Kf5 Ra5+ 75. Kf4 Ra4+ 76. Kg3 Ra3+
77. Kh4 Ra4 78. Re7 Rb4 79. Kg3 Ra4 80. Kf3 Rb4 81. Re4 Rb7 82. Kf4 Kg7 83. Re6
Rb4+ 84. Kf5 Rb5+ 85. Re5 Rb7 86. g5 hxg5 87. Kxg5 Ra7 1/2-1/2

[Event "II Zimowy Turniej Klubu Polonia Wroclaw "]
[Site "Wroclaw"]
[Date "2011.??.??"]
[Round "3.5"]
[White "Jankowski, Aleksander"]
[Black "Wrobel, Maciej"]
[Result "1/2-1/2"]
[WhiteElo "1700"]
[BlackElo "1895"]
[PlyCount "41"]
[EventDate "2011.??.??"]

1. e4 e5 2. Nf3 Nc6 3. Bb5 f5 4. Nc3 fxe4 5. Nxe4 Nf6 6. Qe2 d5 7. Neg5 Bd6 8.
Nxe5 O-O 9. Nxc6 bxc6 10. Bxc6 Rb8 11. d4 Rb6 12. Ba4 Rb4 13. Bb3 Re8 14. Be3
Rxd4 15. Nf3 Rde4 16. O-O-O Bf4 17. Qb5 Bxe3+ 18. fxe3 Rxe3 19. Bxd5+ Nxd5 20.
Qxd5+ Qxd5 21. Rxd5 1/2-1/2

[Event "II Zimowy Turniej Klubu Polonia Wroclaw "]
[Site "Wroclaw"]
[Date "2011.??.??"]
[Round "3.6"]
[White "Szyler, Bartosz"]
[Black "Kania, Przemyslaw"]
[Result "1-0"]
[WhiteElo "1569"]
[BlackElo "1831"]
[PlyCount "46"]
[EventDate "2011.??.??"]

1. e4 Nf6 2. Nc3 e5 3. Bc4 Nc6 4. d3 Bb4 5. Bd2 d6 6. Nf3 Bg4 7. h3 Bh5 8. g4
Nxg4 9. hxg4 Bxg4 10. Rg1 h5 11. a3 Nd4 12. Rg3 Nxf3+ 13. Rxf3 Qh4 14. Bxf7+
Kd7 15. Qe2 Bxc3 16. O-O-O Bxd2+ 17. Kxd2 Raf8 18. d4 Qg5+ 19. Ke1 Ke7 20. Qc4
Kd8 21. Rg3 Qf4 22. dxe5 Qxf2+ 23. Kxf2 Bxd1 1-0

[Event "II Zimowy Turniej Klubu Polonia Wroclaw "]
[Site "Wroclaw"]
[Date "2011.??.??"]
[Round "3.7"]
[White "Muzyka, Dominik"]
[Black "Grochocinska, Urszula"]
[Result "0-1"]
[WhiteElo "1541"]
[BlackElo "1753"]
[PlyCount "112"]
[EventDate "2011.??.??"]

1. e4 e5 2. Nf3 Nc6 3. d4 exd4 4. Nxd4 Bc5 5. Be3 Qf6 6. c3 Nge7 7. Bc4 Ne5 8.
Bb3 O-O 9. O-O d6 10. f3 Be6 11. Bxe6 fxe6 12. Qe2 N5g6 13. a4 a5 14. f4 e5 15.
fxe5 Qxf1+ 16. Qxf1 Rxf1+ 17. Kxf1 Nxe5 18. Ke2 Nc4 19. Nd2 Nxe3 20. Kxe3 Re8
21. Kd3 Ng6 22. g3 Ne5+ 23. Ke2 Ng4 24. h3 Nf6 25. Ke3 Kf7 26. Re1 Nd7 27. Nc4
Ne5 28. Nxe5+ Rxe5 29. Kf4 g5+ 30. Kg4 Kg6 31. Kf3 Bb6 32. Re2 h5 33. g4 h4 34.
Kg2 d5 35. Kf3 Kf6 36. exd5 Rxd5 37. Re6+ Kf7 38. Re4 c5 39. Nb3 Rd3+ 40. Re3
Rd6 41. Re5 Rd3+ 42. Kg2 Rg3+ 43. Kh2 Bc7 44. Rf5+ Kg6 45. Nxc5 Rxg4+ 46. Kh1
Kxf5 47. hxg4+ Kxg4 48. Nd3 Bg3 49. b4 axb4 50. cxb4 h3 51. a5 Bc7 52. Nc5 Kf3
53. Nxb7 g4 54. b5 g3 55. b6 g2+ 56. Kg1 h2# 0-1

[Event "II Zimowy Turniej Klubu Polonia Wroclaw "]
[Site "Wroclaw"]
[Date "2011.??.??"]
[Round "3.11"]
[White "Koza, Stanislaw"]
[Black "Maczka, Miroslawa"]
[Result "0-1"]
[WhiteElo "1481"]
[BlackElo "1528"]
[PlyCount "58"]
[EventDate "2011.??.??"]

1. e4 c5 2. Nf3 a6 3. d4 cxd4 4. Nxd4 e5 5. Nf3 Nf6 6. Nc3 Bb4 7. Bd3 d6 8. Bd2
O-O 9. O-O Bg4 10. h3 Bh5 11. a3 Ba5 12. Nb1 d5 13. Bxa5 Qxa5 14. Nbd2 Nc6 15.
Nb3 Qd8 16. Re1 Re8 17. c3 Rc8 18. Nbd2 Rc7 19. Nf1 dxe4 20. Bxe4 Rd7 21. Qe2
Nxe4 22. Qxe4 Bg6 23. Qg4 f5 24. Qc4+ Bf7 25. Qe2 e4 26. N3d2 Ne5 27. Red1 Nd3
28. Rab1 Qg5 29. b4 Nf4 0-1

[Event "II Zimowy Turniej Klubu Polonia Wroclaw "]
[Site "Wroclaw"]
[Date "2011.??.??"]
[Round "3.12"]
[White "Lascar, Radoslawa"]
[Black "Drgas, Marlena"]
[Result "1-0"]
[WhiteElo "1528"]
[BlackElo "1445"]
[PlyCount "73"]
[EventDate "2011.??.??"]

1. e4 c6 2. c4 d5 3. exd5 cxd5 4. cxd5 Nf6 5. d4 Nxd5 6. Nf3 Bg4 7. Be2 Nc6 8.
Nc3 Nxc3 9. bxc3 e6 10. Bf4 Bd6 11. Bxd6 Qxd6 12. Rb1 Rb8 13. Qa4 O-O 14. O-O
Bf5 15. Rb2 h6 16. Nd2 a6 17. Rb6 Qf4 18. Rd1 e5 19. Nf1 exd4 20. cxd4 Ne7 21.
Bf3 Qc7 22. Rb2 Bd7 23. Qc2 Qxc2 24. Rxc2 Ba4 25. Rdc1 Bxc2 26. Rxc2 Rfc8 27.
Rb2 b5 28. Rd2 Nf5 29. Bg4 g6 30. g3 Rc4 31. Bxf5 gxf5 32. Ne3 Rc1+ 33. Kg2
Rbc8 34. d5 f4 35. gxf4 Kf8 36. d6 Ke8 37. d7+ 1-0

[Event "II Zimowy Turniej Klubu Polonia Wroclaw"]
[Site "Wroclaw"]
[Date "2011.??.??"]
[Round "4"]
[White "Dudek, Dawid"]
[Black "GM Grabarczyk, Miroslaw"]
[Result "0-1"]
[WhiteElo "1797"]
[BlackElo "2438"]
[PlyCount "92"]
[EventDate "2011.??.??"]

1. c4 e5 2. Nc3 Nf6 3. Nf3 Nc6 4. g3 Bb4 5. Bg2 O-O 6. O-O Re8 7. d3 Bxc3 8.
bxc3 h6 9. e4 d6 10. Rb1 a6 11. Ne1 b5 12. cxb5 axb5 13. Qc2 Be6 14. a3 Ra5 15.
f4 Bd7 16. Nf3 Qe7 17. fxe5 dxe5 18. Nh4 Rd8 19. Nf5 Bxf5 20. Rxf5 Qc5+ 21. Kh1
Nd4 22. Qf2 Ng4 23. Qg1 Qxc3 24. Bb2 Qxd3 25. Rd1 Qb3 26. Bxd4 Rxd4 27. Rxd4
exd4 28. Qxd4 Qxa3 29. Qd8+ Qf8 30. Qxc7 Ra1+ 31. Rf1 Rxf1+ 32. Bxf1 Qa8 33.
Qf4 Nf6 34. Bxb5 Nxe4 35. Kg1 Qa7+ 36. Kg2 Qa2+ 37. Kg1 Qa1+ 38. Kg2 Qb2+ 39.
Kg1 Qd4+ 40. Kg2 g5 41. Qf3 Kg7 42. Bd3 Nf6 43. Qf5 Ng4 44. Qf3 Ne3+ 45. Kg1
Qxd3 46. Kf2 Qd4 0-1

[Event "II Zimowy Turniej Klubu Polonia Wroclaw"]
[Site "Wroclaw"]
[Date "????.??.??"]
[Round "4"]
[White "Stankiewicz, Pawel"]
[Black "Czyz, Artur"]
[Result "1/2-1/2"]
[WhiteElo "2005"]
[BlackElo "2084"]
[PlyCount "116"]

1. e4 e5 2. Nf3 Nc6 3. Bb5 a6 4. Ba4 Nf6 5. O-O Be7 6. Re1 b5 7. Bb3 d6 8. h3
O-O 9. c3 Rb8 10. d4 exd4 11. cxd4 d5 12. e5 Ne4 13. Nbd2 Bf5 14. Bc2 Nb4 15.
Bb1 c5 16. Nxe4 dxe4 17. Bxe4 Bxe4 18. Rxe4 Qd5 19. Qe2 Nxa2 20. Bf4 Rbd8 21.
Bg5 Bxg5 22. Nxg5 cxd4 23. Nxh7 Kxh7 24. Qh5+ Kg8 25. Rh4 f6 26. Qh7+ Kf7 27.
exf6 Kxf6 28. Re1 Qf5 29. Rh6+ gxh6 30. Qe7+ Kg6 31. Re6+ Qxe6 32. Qxe6+ Rf6
33. Qe4+ Kf7 34. Qh7+ Kf8 35. Qh8+ Ke7 36. Qg7+ Ke6 37. Qb7 Nb4 38. Qe4+ Kf7
39. Qb7+ Kf8 40. Qc7 Nc6 41. Qh7 d3 42. Qh8+ Ke7 43. Qh7+ Rf7 44. Qe4+ Kf8 45.
Qxc6 d2 46. Qxh6+ Ke8 47. Qc6+ Rdd7 48. Qe6+ Kd8 49. Qb6+ Kc8 50. Qc6+ Kb8 51.
Qb6+ Kc8 52. Qc6+ Kd8 53. Qb6+ Ke7 54. Qe3+ Kf6 55. Qf4+ Kg6 56. Qg4+ Kf6 57.
Qf4+ Ke6 58. Qe3+ Kf6 1/2-1/2

[Event "II Zimowy Turniej Klubu Polonia Wroclaw "]
[Site "Wroclaw"]
[Date "2011.??.??"]
[Round "4.3"]
[White "White, John"]
[Black "Lachowicz, Judyta"]
[Result "1/2-1/2"]
[WhiteElo "1963"]
[BlackElo "1744"]
[PlyCount "95"]
[EventDate "2011.??.??"]

1. e4 e5 2. Nf3 Nc6 3. Bb5 a6 4. Ba4 Nf6 5. O-O b5 6. Bb3 Bc5 7. c3 Bb6 8. d4
d6 9. Re1 O-O 10. a4 Rb8 11. axb5 axb5 12. Bg5 h6 13. Bh4 Bg4 14. Bd5 Na5 15.
b4 Nb7 16. Qd3 Bxf3 17. gxf3 g5 18. Bxb7 gxh4 19. Bd5 Kh8 20. Nd2 Nxd5 21. exd5
exd4 22. Kh1 Rg8 23. Rg1 Qf6 24. Ne4 Qf5 25. cxd4 Rg6 26. Rg4 Rxg4 27. fxg4
Qxd5 28. Rd1 Rg8 29. f3 Rg6 30. Nc3 Qa8 31. d5 Qa3 32. Nxb5 Qxb4 33. Qc3+ Qxc3
34. Nxc3 Rf6 35. Kg2 Rf4 36. Ne4 Kg7 37. Rb1 f5 38. Nxd6 fxg4 39. fxg4 Rxg4+
40. Kh3 Rg5 41. Nc4 Bc5 42. Rb7 Rxd5 43. Rxc7+ Kg6 44. Nb6 Bxb6 45. Rc6+ Kg5
46. Rxb6 Rd3+ 47. Kg2 h3+ 48. Kf2 1/2-1/2

[Event "II Zimowy Turniej Klubu Polonia Wroclaw "]
[Site "Wroclaw"]
[Date "2011.??.??"]
[Round "4.4"]
[White "Wrobel, Maciej"]
[Black "Lachowicz, Dominik"]
[Result "1-0"]
[WhiteElo "1895"]
[BlackElo "1680"]
[PlyCount "47"]
[EventDate "2011.??.??"]

1. e4 e6 2. d4 d5 3. exd5 exd5 4. Bd3 Bd6 5. Nf3 Bg4 6. O-O Nf6 7. Re1+ Be7 8.
h3 Bxf3 9. Qxf3 O-O 10. Bg5 Nbd7 11. Nd2 c6 12. Re2 Bd6 13. Rae1 Qb6 14. c3 h6
15. Bh4 Qc7 16. Nf1 Rae8 17. Bg3 Bxg3 18. Nxg3 Rxe2 19. Rxe2 Re8 20. Rxe8+ Nxe8
21. Qe3 Nef6 22. Nf5 a6 23. Qe7 c5 24. Nd6 1-0